Gares du Doubs - Statistiques

Statistiques générales
  • Ce quiz a été pris 162 fois
    157 depuis la dernière actualisation
  • Le résultat moyen est 16 sur 37
Statistiques - réponses
Nombre de voyageurs Gares % Correct
739 282 Besançon Franche Comté TGV
96%
64 478 Besançon Mouillère
96%
2 725 611 Besançon Viotte
96%
632 495 Montbéliard
82%
180 138 Pontarlier
72%
225 404 Baume les Dames
67%
196 387 Morteau
62%
82 982 Arc et Senans
57%
259 678 Frasne
57%
8 656 Franois
55%
179 374 Saint Vit
54%
209 409 Le Valdahon
47%
6 397 Morre
45%
22 583 Saône
43%
63 660 Clerval
42%
18 504 Mamirolle
40%
9 153 Ecole Valentin
39%
125 662 L'Isle sur le Doubs
38%
6 192 Novillars
38%
18 462 Voujeaucourt
34%
30 720 Dannemarie - Velesmes
30%
49 647 Etalans
30%
2 726 Deluz
29%
6 352 Roche lez Beaupré
29%
17 670 Colombier Fontaine
28%
32 457 Gilley
28%
23 085 Laissey
27%
27 903 Avoudrey
25%
3 124 Torpes - Boussières
25%
19 451 La Rivière
21%
18 156 L'Hopital du Grosbois
21%
4 341 Montferrand - Thoraise
21%
16 351 Labergement Sainte Marie
20%
11 345 Liesle
20%
5 449 Byans
19%
11 896 Sainte Colombe
19%
12 941 Le Valdahon Camp Militaire
18%
Aucun quiz correspondant
Distribution des résultats
% des personnes avec chaque résultat
Percentile par nombre de réponses
Votre historique - résultats
Vous n’avez pas pris ce quiz depuis la dernière actualisation